Monographs. (Record no. 1768)

MARC details
000 -LEADER
fixed length control field 01731cas a2200481 a 4500
001 - CONTROL NUMBER
control field data
005 - DATE AND TIME OF LATEST TRANSACTION
control field 20260322212117.0
008 - FIXED-LENGTH DATA ELEMENTS--GENERAL INFORMATION
fixed length control field data
010 ## - LIBRARY OF CONGRESS CONTROL NUMBER
LC control number 2006239033
Canceled/invalid LC control number 27004484
016 7# - NATIONAL BIBLIOGRAPHIC AGENCY CONTROL NUMBER
Record control number 20530160R
Source DNLM
016 7# - NATIONAL BIBLIOGRAPHIC AGENCY CONTROL NUMBER
Record control number SR0017246
Source DNLM
019 ## -
-- 1161811252
-- 40211688
-- 1114926806
-- 1161811252
029 1# - OTHER SYSTEM CONTROL NUMBER (OCLC)
OCLC library identifier AU@
System control number 000040281302
029 1# - OTHER SYSTEM CONTROL NUMBER (OCLC)
OCLC library identifier AU@
System control number 000060444322
029 1# - OTHER SYSTEM CONTROL NUMBER (OCLC)
OCLC library identifier NLGGC
System control number 860290433
029 1# - OTHER SYSTEM CONTROL NUMBER (OCLC)
OCLC library identifier NLM
System control number 20530160R
029 1# - OTHER SYSTEM CONTROL NUMBER (OCLC)
OCLC library identifier NZ1
System control number 8920164
035 ## - SYSTEM CONTROL NUMBER
System control number (OCoLC)1772401
040 ## - CATALOGING SOURCE
Original cataloging agency DLC
Language of cataloging eng
Transcribing agency MUL
Modifying agency OCLCL
-- OCL
-- OCLCQ
-- IUL
-- CGU
-- NLM
-- OCLCQ
-- OCLCF
-- AOW
-- OCLCQ
-- OCLCO
-- OCLCA
-- OCLCL
041 0# - LANGUAGE CODE
Language code of text/sound track or separate title jpn
-- jpn
042 ## - AUTHENTICATION CODE
Authentication code pcc
050 00 - LIBRARY OF CONGRESS CALL NUMBER
Classification number AS552
Item number .S35
060 00 - NATIONAL LIBRARY OF MEDICINE CALL NUMBER
Classification number W1
Item number SA278
130 0# - MAIN ENTRY--UNIFORM TITLE
Uniform title Monographs (Saitō Hōonkai).
Name of part/section of a work Reprint series.
245 10 - TITLE STATEMENT
Title Monographs.
Name of part/section of a work Reprint series /
Statement of responsibility, etc. Saito Ho-on Kai (The Saito Gratitude Foundation).
260 ## - PUBLICATION, DISTRIBUTION, ETC.
Place of publication, distribution, etc. Sendai, Japan :
Name of publisher, distributor, etc. General Dept. of Scientific Research, Saito Ho-on Kai,
Date of publication, distribution, etc. 1926-
300 ## - PHYSICAL DESCRIPTION
Extent volumes :
Other physical details illustrations ;
Dimensions 26 cm
310 ## - CURRENT PUBLICATION FREQUENCY
Current publication frequency Irregular
336 ## - CONTENT TYPE
Content type term text
Content type code txt
Source rdacontent
337 ## - MEDIA TYPE
Media type term unmediated
Media type code n
Source rdamedia
338 ## - CARRIER TYPE
Carrier type term volume
Carrier type code nc
Source rdacarrier
362 0# - DATES OF PUBLICATION AND/OR SEQUENTIAL DESIGNATION
Dates of publication and/or sequential designation No. 1 (Aug. 1926)-
362 1# - DATES OF PUBLICATION AND/OR SEQUENTIAL DESIGNATION
Dates of publication and/or sequential designation Ceased with no. 12 in 1933.
546 ## - LANGUAGE NOTE
Language note In English and Japanese.
588 ## - SOURCE OF DESCRIPTION NOTE
Source of description note Latest issue consulted: No. 7 (Dec. 1929).
650 #0 - SUBJECT ADDED ENTRY--TOPICAL TERM
Topical term or geographic name entry element Science.
650 #2 - SUBJECT ADDED ENTRY--TOPICAL TERM
Topical term or geographic name entry element Science.
650 #7 - SUBJECT ADDED ENTRY--TOPICAL TERM
Topical term or geographic name entry element Science.
Source of heading or term fast
Authority record control number or standard number (OCoLC)fst01108176
655 #2 - INDEX TERM--GENRE/FORM
Genre/form data or focus term Periodical.
710 2# - ADDED ENTRY--CORPORATE NAME
Corporate name or jurisdiction name as entry element Saitō Hōonkai.
Real World Object URI https://id.oclc.org/worldcat/entity/E39QH7JmpqhjVcCjCJXWjqBDkt
776 08 - ADDITIONAL PHYSICAL FORM ENTRY
Relationship information Online version:
Title Monographs (Saitō Hōonkai). Reprint series
Record control number (OCoLC)561330884
776 08 - ADDITIONAL PHYSICAL FORM ENTRY
Relationship information Online version:
Title Monographs (Saitō Hōonkai). Reprint series
Record control number (OCoLC)605628322
Holdings
Withdrawn status Lost status Damaged status Not for loan Home library Current library Shelving location Date acquired Total checkouts Full call number Barcode Date last seen Price effective from Koha item type
        Franklin Franklin General stacks 22/03/2026   AS552 LOC-FRL-00004 22/03/2026 22/03/2026 Books